000 00948cab a2200241 4500
001 E2715
008 090401t1995 xxu||||| |||| 00| 0 eng d
035 _a(Sirsi) u40610
041 _aeng
245 _aCameron v MacKinnon
260 _c1995
350 _a0
490 _aSLC
_v1996 R 67-82(16)
520 _aFull Court. Lord Philip, D D McDiarmid, J Kinloch) Application Lochaber RN 266 - order of 23 October 1995. Croft - statutory conditions of tenure - creation of parking and turning space to service two house plots - landlord seeking to enter upon the croft for the purpose of opening or making roads - appeal by crofter respondent - alternative crave of resumption authorised.
650 _aCROFTERS (SCOTLAND) ACT 1993
650 _aCROFTING
650 _aRESUMPTION
650 _aSCOTTISH LAND COURT
650 _aSLC
690 _aLANDLORD AND TENANT-CASE LAW-AGRICULTURAL TENANCIES
942 _n0
948 _c04/03/1997
999 _c26021
_d26021